Hard P Authors 2 Quiz Stats

 Plays Quiz not verified by Sporcle

Score 0/38 Timer 20:00
0 Plays Today
Works Author % Correct
The Four Books of Architecture (I quattro libri dell'architettura)Andrea Palladio
76.9%
Miles Gloriosus; Menaechmi; Pseudolus Titus Maccius Plautus
73.1%
Words and Rules: The Ingredients of Language; The Blank Slate; How the Mind WorksSteven Pinker
65.4%
'The Conquest and Colonialism'; The Monkey Grammarian; 'The Day of the Dead'Octavio Paz
53.8%
Against Sainte-Beuve; The Guermantes Way and In the Shadow of Young Girls in Flower are sections of a larger work by himMarcel Proust
53.8%
Two Lovers and a Beachcomber by the Real Sea'; 'The Munich Mannequins'Sylvia Plath
50%
Postcards; Bad Dirt: Wyoming Stories 2Annie Proulx
50%
Betrayal; The Dwarfs; The CaretakerHarold Pinter
50%
Each in His Own Way; Right You Are (If You Think You Are); Henry IVLuigi Pirandello
46.2%
Davita's Harp; The Promise (sequel to a novel in which Danny Saunders and Reuven Malter grow up to be a psychoanalyst and a rabbi, resp.) Chaim Potok
42.3%
'Hop-Frog'; 'Sonnet to Science'Edgar Allan Poe
38.5%
'Resumé'; 'The Big Blonde'; 'Constant Reader' column for The New YorkerDorothy Parker
38.5%
the 'parable of the sunfish' opens his ABC of ReadingEzra Pound
38.5%
Casanova's Chinese Restaurant; cycle of 12 novels has the characters Nick Jenkins and Kenneth WidmerpoolAnthony Powell
38.5%
Glittering Images; Sexual PersonaeCamille Paglia
38.5%
On the Malice of Herodotus; On the Fortune or the Virtue of Alexander the Great; MoraliaPlutarch
38.5%
used the pseudonym Louis de Montalte in a series of epistles attacking casuistry and including a section discussing 'actual grace', his 'Fourth Letter' Blaise Pascal
34.6%
'Entropy'; Bleeding EdgeThomas Pynchon
34.6%
Geographia; TetrabiblosPtolemy
34.6%
Works Author % Correct
'Blood and Sand'; Heartbreak Tango; 'The Great Waltz' inspires Toto Casales to write the essay 'The Movie I Liked Best' in a more famous novelManuel Puig
34.6%
The Poverty of HistoricismKarl Popper
34.6%
Elegy to the Memory of an Unfortunate Lady; Eloisa to AbelardAlexander Pope
30.8%
Lysis; MenexenusPlato
30.8%
adherent of 'reformed epistemology'; Warranted Christian BeliefAlvin Plantinga
30.8%
IsagogesPorphyry
30.8%
'The Cracked Looking Glass'; 'Noon Wine'Katherine Anne Porter
26.9%
F***ing A; The America Play; most famous play describes the lives of the brothers Lincoln and BoothSuzan-Lori Parks
26.9%
The American CrisisThomas Paine
26.9%
Chance, Love, and Logic (incl. 'Man's Glassy Essence'); Pragmatism as a Principle and Method of Right ThinkingC. S. Peirce
26.9%
The Black Book; Sessiz Ev (The Silent House)Orhan Pamuk
23.1%
The Last Gentleman; The Second Coming; Dr. Thomas More invents a 'caliper of the human soul' called the Ontological Lapsometer in one novel by himWalker Percy
23.1%
'The Fisherman and the Fish'; Feast in the Time of Plague; Little Tragedies collectionAlexander Pushkin
19.2%
Essay in Autobiography; Themes and Variations; title character in a more famous work is captured by Liberius and the Forest Brotherhood and has a brother named Evgraf Boris Pasternak
19.2%
Darwin refuted his dumb 'watchmaker analogy', which was introduced in a work subtitled 'Evidences of the Existence and Attributes of the Deity'William Paley
19.2%
The Morphology of Folk TalesVladimir Propp
19.2%
Exile; Seamarks; Winds; Amers; 1960 Nobel Prize winnerSaint-John Perse
15.4%
Operation Wandering Soul; The Goldbug VariationsRichard Powers
15.4%
The Trusting and the Maimed (SS collection; includes 'Weep of Our Pride' in which there's a bullying lit teacher, Mr. O'Rourke)James Plunkett
3.8%

You're not logged in!

Compare scores with friends on all Sporcle quizzes.
OR
Log In

Sporcle TV

Today on Sporcle TV


Watch our educational content, quiz creation guides, and fun videos on Sporcle TV.

Show Comments

Extras

Created Aug 25, 2015ReportNominate
Tags:Author Quiz, hard

Top Quizzes Today


Score Distribution

Your Account Isn't Verified!

In order to create a playlist on Sporcle, you need to verify the email address you used during registration. Go to your Sporcle Settings to finish the process.

Report this User

Report this user for behavior that violates our Community Guidelines.

Details: